[Event "Nationale 4"]
[Site "?"]
[Date "2003.10.12"]
[Round "1"]
[White "Dessirieix, Lionel"]
[Black "Pastorelli, Loic"]
[Result "0-1"]
[WhiteElo "1610"]
[BlackElo "1840"]
[EventDate "2003.10.14"]
[Annotator "Ceit - Muret"]
[PlyCount "66"]

1.e4 c5 2.Nf3 Nc6 3.d4 cxd4 4.Nxd4 e5 5.Nb5 d6 6.Be2 Be6 7.O-O Rc8 8.N1c3 
a6 9.Na3 Nf6 10.Bg5 Be7 11.Kh1 b5 12.Bxf6 Bxf6 13.Nd5 Be7 14.c3 O-O 15.Nc2
f5 16.exf5 Bxf5 17.Nce3 Be6 18.Bg4 Bxg4 19.Qxg4 Kh8 20.Rad1 Bg5 21.Nf5 Bf6
22.Rd3 g6 23.Nh6 Bg7 24.Qh3 e4 25.Rg3 Ne5 26.Re3 Bxh6 27.Qxh6 Ng4 28.Qh3 
Rxf2 29.Kg1 Rxf1+ 30.Kxf1 Nxe3+ 31.Qxe3 Qe8 32.Qb6 Qf7+ 33.Ke2 Qxd5 0-1

[Event "Nationale 4"]
[Site "?"]
[Date "2003.10.12"]
[Round "1"]
[White "Broc, Alain"]
[Black "Carpentier, Jean-Christophe"]
[Result "0-1"]
[WhiteElo "1750"]
[BlackElo "2087"]
[EventDate "2003.10.14"]
[Annotator "Ceit - Muret"]
[PlyCount "88"]

1.d4 d5 2.Nf3 Nf6 3.Bf4 Bf5 4.e3 e6 5.Bb5+ c6 6.Ba4 Nbd7 7.Nbd2 Be7 8.O-O 
Nh5 9.Bg3 Nxg3 10.hxg3 h5 11.a3 h4 12.b4 hxg3 13.fxg3 Qc7 14.Qe1 Bd6 15.e4
Bxg3 16.Qe3 Bf4 17.Qe1 Bxd2 18.Nxd2 Qh2+ 19.Kf2 Qh4+ 20.Kg1 Bxe4 21.Nxe4 
dxe4 22.Qxh4 Rxh4 23.Rae1 Ke7 24.g3 Rg4 25.Kg2 f5 26.Rh1 Nf6 27.Rh3 Nd5 
28.Kh2 a5 29.c4 Nc3 30.Bd1 Nxd1 31.Rxd1 axb4 32.axb4 Ra2+ 33.Kh1 e3 34.Re1
Rxd4 35.Rh4 Rdd2 36.Rh3 Rab2 37.b5 c5 38.g4 f4 39.g5 Rbc2 40.Rh5 Rxc4 41.
Rh7 Kf7 42.Rh4 e5 43.Rh3 Rdc2 44.g6+ Kf6 0-1

[Event "Nationale 4"]
[Site "?"]
[Date "2003.10.12"]
[Round "1"]
[White "Bouthier, Jacques"]
[Black "Lafuma, Antoine"]
[Result "1-0"]
[WhiteElo "2029"]
[BlackElo "1700"]
[EventDate "2003.10.14"]
[Annotator "Ceit - Muret"]
[PlyCount "59"]

1.e4 e6 2.d4 d5 3.Nc3 Nf6 4.e5 Nfd7 5.f4 c5 6.Nf3 Nc6 7.Be3 Qb6 8.Na4 Qa5+
9.c3 cxd4 10.b4 Qc7 11.Nxd4 a6 12.Bd3 b5 13.Nb2 Nb6 14.a4 Nc4 15.Bxc4 bxc4
16.O-O Be7 17.a5 O-O 18.Na4 f6 19.Nb6 Rb8 20.Qa4 Nxd4 21.Bxd4 Rb7 22.b5 
axb5 23.Qxb5 Bd7 24.Qxd7 Qxd7 25.Nxd7 Rxd7 26.a6 Ra8 27.Rfb1 Rc7 28.a7 Kf7
29.Rb8 Rc8 30.Rxc8 1-0

[Event "Regionale 1"]
[Site "?"]
[Date "2003.10.12"]
[Round "1"]
[White "Yannick Susini"]
[Black "Serge Spanoudakis"]
[Result "0-1"]
[WhiteElo "1300"]
[BlackElo "1480"]
[EventDate "2003.??.??"]
[PlyCount "120"]

1.e4 Nf6 2.Nc3 d5 3.exd5 Nxd5 4.Bc4 Nb6 5.b3 Nc6 6.Nf3 Bg4 7.h3 Bh5 8.Bb2 
e6 9.Bb5 a6 10.Bxc6+ bxc6 11.g4 Bg6 12.d4 Bd6 13.Qd2 Qf6 14.Qe3 Bxc2 15.
Ne5 Nd5 16.Nxd5 cxd5 17.O-O Bxe5 18.dxe5 Qe7 19.Qc3 Be4 20.Qc6+ Qd7 21.
Qxa8+ Qd8 22.Qxd8+ Kxd8 23.Rad1 Kd7 24.h4 Bf3 25.Rc1 Bxg4 26.f3 Bf5 27.Bc3
Bd3 28.Rfd1 Be2 29.Rd2 Bxf3 30.Ba5 c6 31.Rdc2 Rc8 32.Rc5 Be4 33.a4 f5 34.
exf6 gxf6 35.Bd2 d4 36.Kf2 e5 37.b4 Rb8 38.Rxc6 Bxc6 39.Ke2 Rc8 40.a5 Bb5+
41.Kf3 Rxc1 42.Bxc1 Ke6 43.Ke4 f5+ 44.Kf3 Kd5 45.Kf2 Ke4 46.Ke1 Kd3 47.h5 
e4 48.h6 Kc2 49.Bg5 e3 50.Bf4 Kd3 51.Bg5 Ke4 52.Kd1 f4 53.Ke1 f3 54.Bxe3 
dxe3 55.Kd1 f2 56.Kc2 e2 57.Kb3 e1=Q 58.Ka3 Qc3+ 59.Ka2 Bc4+ 60.Kb1 f1=R# 
0-1

[Event "Regionale 1"]
[Site "?"]
[Date "2003.10.12"]
[Round "1"]
[White "Vincent Debout"]
[Black "Pascal Raynaud"]
[Result "0-1"]
[WhiteElo "1470"]
[BlackElo "1570"]
[EventDate "2003.??.??"]
[PlyCount "80"]

1.e4 c5 2.Nc3 Nc6 3.Bb5 a6 4.Bxc6 bxc6 5.f4 d5 6.d3 g6 7.Qf3 e6 8.e5 f6 9.
Nge2 Qc7 10.O-O h5 11.Na4 Rb8 12.Bd2 Bb7 13.Qg3 Qf7 14.Be3 d4 15.Bd2 Ne7 
16.exf6 Nf5 17.Qe1 Qxf6 18.Ng3 Nxg3 19.Qxg3 Bd6 20.Rae1 Kf7 21.Qg5 Qf5 22.
Ba5 Be7 23.Qg3 Bd6 24.Bb6 h4 25.Qf2 h3 26.g3 Rbe8 27.Qf3 Kg8 28.g4 Qf8 29.
b3 Rh7 30.Re4 e5 31.Rfe1 c4 32.dxc4 c5 33.a3 Bxe4 34.Qxe4 Rg7 35.Qd5+ Qf7 
36.Qxd6 Qxf4 37.Qd5+ Rf7 38.Qe4 Qf2+ 39.Kh1 Qf1+ 40.Rxf1 Rxf1# 0-1

[Event "Regionale 1"]
[Site "?"]
[Date "2003.10.12"]
[Round "1"]
[White "Thierry Fumenier"]
[Black "Gerard Lefevre"]
[Result "1/2-1/2"]
[WhiteElo "1680"]
[BlackElo "1800"]
[EventDate "2003.??.??"]
[Annotator "Montauban - Albi 1"]
[PlyCount "132"]

1.b3 Nf6 2.Bb2 e6 3.e3 d5 4.Nf3 c5 5.Bb5+ Bd7 6.Bxd7+ Nbxd7 7.d3 Be7 8.
Nbd2 Qc7 9.O-O Ng4 10.Re1 Bd6 11.h3 Nxf2 12.Kxf2 Bg3+ 13.Kg1 Bxe1 14.Qxe1 
f6 15.e4 O-O-O 16.c4 d4 17.a3 g5 18.b4 e5 19.Nb3 b6 20.Bc1 h5 21.bxc5 Nxc5
22.Nxc5 Qxc5 23.a4 g4 24.Nh4 gxh3 25.Ng6 Rh7 26.Qf2 Rf7 27.Qf5+ Kb7 28.
Qxh3 f5 29.Ba3 Qc7 30.Rf1 f4 31.Qxh5 Re8 32.Nh8 Rxh8 33.Qxh8 Rg7 34.Bd6 
Qd7 35.Bxe5 Rg3 36.Rxf4 Rxd3 37.Qg7 Qxg7 38.Bxg7 Ra3 39.Bxd4 Rxa4 40.Rf7+ 
Kc6 41.Be5 b5 42.Rf6+ Kc5 43.Bd6+ Kxc4 44.e5 Kd5 45.Bb8 a5 46.Rb6 Kc5 47.
Bc7 Re4 48.Ra6 a4 49.Bd6+ Kc4 50.Kf2 Kb3 51.Kf3 Re1 52.Bc7 a3 53.Kf2 Re4 
54.Kf3 Rc4 55.Bd6 a2 56.e6 Rc6 57.Ra3+ Kb2 58.e7 Rc8 59.g4 a1=Q 60.Rxa1 
Kxa1 61.g5 Kb2 62.Kf4 Kc3 63.Kf5 b4 64.Bxb4+ Kxb4 65.Kf6 Kc5 66.Kf7 Kd6 
1/2-1/2

[Event "Regionale 1"]
[Site "?"]
[Date "2003.10.12"]
[Round "1"]
[White "Pierre Peccini"]
[Black "Jean-Pierre Delpy"]
[Result "0-1"]
[WhiteElo "1600"]
[BlackElo "1399"]
[EventDate "2003.??.??"]
[Annotator "Albi 1 - Montauban"]
[PlyCount "108"]

1.c4 e5 2.Nc3 Nf6 3.d3 Bc5 4.Nf3 Ng4 5.e3 Nc6 6.h3 Nf6 7.Be2 h6 8.O-O d6 
9.a3 a6 10.b4 Ba7 11.b5 axb5 12.cxb5 Ne7 13.a4 Be6 14.Bb2 O-O 15.Nh2 Qd7 
16.Ne4 Ned5 17.Nxf6+ Nxf6 18.Bf3 Bd5 19.e4 Be6 20.d4 exd4 21.Bxd4 Bxd4 22.
Qxd4 Rab8 23.Rfe1 Qd8 24.Re3 Nd7 25.Bg4 Ne5 26.Bxe6 fxe6 27.Rg3 Qf6 28.Rf1
Ra8 29.f4 Nd7 30.Qxf6 Nxf6 31.Rc1 Nxe4 32.Rg6 Nc5 33.g3 Rf6 34.Rxf6 gxf6 
35.Ng4 Kg7 36.Rc4 Rxa4 37.Rc2 Ra5 38.Rb2 Na4 39.Re2 e5 40.Rc2 Nc5 41.Rb2 
Ra3 42.b6 c6 43.fxe5 dxe5 44.Kg2 Ne4 45.Re2 Ra4 46.Ne3 Kg6 47.h4 f5 48.Kf3
h5 49.Rb2 Kf6 50.Kg2 Ke6 51.Kf3 c5 52.Rc2 c4 53.Nxc4 Rxc4 54.Rb2 Rc3+ 0-1

[Event "Regionale 1"]
[Site "?"]
[Date "2003.10.12"]
[Round "1"]
[White "Phan, Van-Chuong"]
[Black "Gilles Grelier"]
[Result "0-1"]
[WhiteElo "1760"]
[BlackElo "1960"]
[EventDate "2003.??.??"]
[PlyCount "74"]

1.Nf3 d5 2.c4 dxc4 3.Qa4+ Bd7 4.Qxc4 Nf6 5.g3 e6 6.Bg2 Bc6 7.O-O Be7 8.b3 
O-O 9.Ba3 Nbd7 10.Bxe7 Qxe7 11.Rc1 Rac8 12.d4 Nb6 13.Qc5 Qd8 14.Nbd2 Ne4 
15.Nxe4 Bxe4 16.e3 Nd7 17.Qb4 b6 18.Rc3 Nf6 19.Rac1 Nd5 20.Qa4 Nxc3 21.
Rxc3 Qd5 22.Ne1 Bxg2 23.Nxg2 e5 24.Rd3 c5 25.Qc4 Qxc4 26.bxc4 cxd4 27.exd4
Rxc4 28.Nh4 exd4 29.Nf3 Rc3 30.Ne5 f6 31.Rxd4 fxe5 32.Re4 Rc2 33.Rxe5 
Rfxf2 34.a4 Rg2+ 35.Kf1 Rxh2 36.Kg1 Rhe2 37.Rxe2 Rxe2 0-1

[Event "Regionale 1"]
[Site "?"]
[Date "2003.10.12"]
[Round "1"]
[White "De Baralle, Michel"]
[Black "Didier Delachoux"]
[Result "1/2-1/2"]
[WhiteElo "1610"]
[BlackElo "1130"]
[EventDate "2003.??.??"]
[Annotator "Albi 1 - Montauban"]
[PlyCount "109"]

1.d4 d5 2.c4 c6 3.Nc3 e6 4.Nf3 Nf6 5.Bg5 Nbd7 6.e3 Be7 7.cxd5 cxd5 8.Bd3 
h6 9.Bxf6 Nxf6 10.O-O O-O 11.Rc1 a6 12.Qb3 b5 13.a3 Rb8 14.Ne5 Rb6 15.Qa2 
Bb7 16.b4 Ba8 17.Rc2 Qb8 18.Ne2 Bd6 19.Nf3 Rc8 20.Rfc1 Rxc2 21.Rxc2 Rc6 
22.Nc1 Ng4 23.h3 Rxc2 24.Qxc2 Nf6 25.Nb3 Bc7 26.Nc5 Bb7 27.Qb2 Bd6 28.Qc3 
Qc7 29.Qb2 Nd7 30.Nxd7 Qxd7 31.Qc2 Qc7 32.Nd2 Qxc2 33.Bxc2 Kf8 34.Nb3 Ke7 
35.Nc5 Bc8 36.h4 e5 37.f3 exd4 38.exd4 Bf4 39.Kf2 Bc1 40.a4 Ba3 41.axb5 
axb5 42.Nd3 Bf5 43.g4 Bxd3 44.Bxd3 Bxb4 45.Bxb5 Bc3 46.Ke3 Be1 47.h5 Bh4 
48.Kf4 Ke6 49.Ke3 Bg5+ 50.f4 Bf6 51.f5+ Kd6 52.Bd3 Bg5+ 53.Kf3 Bf6 54.Ke3 
Bg5+ 55.Kf2 1/2-1/2

[Event "Regionale 1"]
[Site "?"]
[Date "2003.10.12"]
[Round "1"]
[White "Ravon, Michel"]
[Black "Philippe Favre"]
[Result "0-1"]
[WhiteElo "1499"]
[BlackElo "1750"]
[EventDate "2003.??.??"]
[Annotator "Montauban - Albi 1"]
[PlyCount "80"]

1.d4 Nf6 2.c4 g6 3.Nc3 Bg7 4.Nf3 d6 5.e4 O-O 6.Be2 e5 7.d5 a5 8.O-O Na6 9.
Bg5 h6 10.Bd2 Ne8 11.Ne1 f5 12.f3 f4 13.Nd3 b6 14.Be1 g5 15.Nf2 h5 16.h3 
Bd7 17.Kh2 Rf6 18.Nh1 Rh6 19.Nf2 Nf6 20.Rh1 Kf7 21.Kg1 Qh8 22.Bd2 Rg8 23.
Kf1 Bf8 24.c5 Nxc5 25.Bb5 g4 26.Bxd7 Ncxd7 27.Nb5 gxf3 28.gxf3 Ne8 29.Nxc7
Nxc7 30.Qa4 Nc5 31.Qc6 N7a6 32.b4 axb4 33.Rb1 Be7 34.Bxb4 Rc8 35.Qb5 Rg6 
36.Bxc5 Nxc5 37.Qxb6 Qd8 38.Qb5 Rg8 39.Qe2 Rb8 40.Rc1 Qb6 0-1

[Event "Regionale 1"]
[Site "?"]
[Date "2003.10.12"]
[Round "1"]
[White "Marcel Hazak"]
[Black "Arlabosse, Nicolas"]
[Result "0-1"]
[WhiteElo "1499"]
[BlackElo "1600"]
[EventDate "2003.??.??"]
[PlyCount "106"]

1.Nf3 Nc6 2.e4 e5 3.c3 Nf6 4.d3 d6 5.Bg5 Be7 6.Bxf6 Bxf6 7.Be2 Be6 8.Nbd2 
a6 9.c4 Qd7 10.h3 h6 11.Qc2 Nd4 12.Nxd4 exd4 13.f4 Bh4+ 14.Kd1 f5 15.Nf3 
Bf6 16.Kd2 c5 17.Nh2 g5 18.Bh5+ Ke7 19.exf5 Bxf5 20.g4 Be6 21.f5 Bf7 22.
Rae1+ Kf8 23.Bxf7 Kxf7 24.Re6 Rhe8 25.Rhe1 Kg7 26.Kc1 Re7 27.Qg2 Rae8 28.
Qd5 Be5 29.Nf3 Kf8 30.Nxe5 dxe5 31.Qxe5 Rxe6 32.Qh8+ Ke7 33.Rxe6+ Qxe6 34.
Qg7+ Qf7 35.Qe5+ Kd7 36.Qxc5 Qf6 37.Qd5+ Kc8 38.Kd2 Qe5 39.Qxe5 Rxe5 40.a4
b6 41.b4 Kd7 42.Kc2 Re3 43.a5 bxa5 44.b5 axb5 45.cxb5 Rxh3 46.Kb3 Rxd3+ 
47.Ka4 Rf3 48.b6 Kc6 49.b7 Kxb7 50.Kxa5 Kc6 51.Kb4 d3 52.Kc3 Rf4 53.Kxd3 
Rxg4 0-1

[Event "Regionale 1"]
[Site "?"]
[Date "2003.10.12"]
[Round "1"]
[White "Laurent Croux"]
[Black "Alexandre Courceulles"]
[Result "1-0"]
[WhiteElo "1660"]
[BlackElo "1560"]
[EventDate "2003.??.??"]
[PlyCount "93"]

1.e4 e5 2.Nc3 Nf6 3.f4 d6 4.Nf3 Bg4 5.Be2 Bxf3 6.Bxf3 Nc6 7.Ne2 Be7 8.d4 
exd4 9.Nxd4 Nxd4 10.Qxd4 c5 11.Qc3 Qc7 12.O-O Rg8 13.e5 Nd7 14.Re1 Kf8 15.
e6 fxe6 16.Rxe6 Re8 17.Qe3 b6 18.Bd2 Qd8 19.Re1 Nf6 20.Bc6 Nd7 21.f5 Kf7 
22.Qb3 Kf8 23.Qb5 Ne5 24.Bxe8 Qxe8 25.Qe2 Qd7 26.Qe4 Bf6 27.Qd5 a5 28.Rxd6
Qxf5 29.Re6 g5 30.Rf1 Nf3+ 31.Qxf3 Qxe6 32.Qxf6+ Qxf6 33.Rxf6+ Ke7 34.Rxb6
g4 35.Rb7+ Kd6 36.Kf2 h5 37.Rh7 Rf8+ 38.Kg3 Rf5 39.Rh6+ Kd5 40.Bxa5 Kc4 
41.Bc3 Re5 42.Bxe5 Kd5 43.Rxh5 c4 44.Kxg4 Ke6 45.Kf4 Kd5 46.Bc3+ Kd6 47.
Ke4 1-0

[Event "Regionale 1"]
[Site "?"]
[Date "2003.10.12"]
[Round "1"]
[White "Jonas Chapelet"]
[Black "Pascal Lezaud"]
[Result "0-1"]
[WhiteElo "1320"]
[BlackElo "1410"]
[EventDate "2003.??.??"]
[PlyCount "70"]

1.d4 Nf6 2.c4 g6 3.Nc3 Bg7 4.e3 d6 5.Be2 O-O 6.Nf3 Nbd7 7.O-O c5 8.Re1 b6 
9.a3 Bb7 10.b4 Ne8 11.Bb2 h6 12.Qc2 Nc7 13.Bd3 Bxf3 14.gxf3 Ne6 15.f4 cxd4
16.Ne4 f5 17.Ng3 Rc8 18.e4 Nxf4 19.exf5 Nxd3 20.Qxd3 Ne5 21.Qe4 Qe8 22.
Bxd4 Rxc4 23.Qd5+ Qf7 24.Qxf7+ Kxf7 25.Bxe5 Bxe5 26.Rac1 Rfc8 27.fxg6+ 
Kxg6 28.Rxc4 Rxc4 29.Kg2 Rc2 30.Ne2 Kf7 31.Kh3 e6 32.f4 Bf6 33.Ng3 d5 34.
f5 e5 35.Kg4 Rxh2 0-1

[Event "Regionale 1"]
[Site "?"]
[Date "2003.10.12"]
[Round "1"]
[White "Joel Guesdon"]
[Black "Carlo Rizzo"]
[Result "1-0"]
[WhiteElo "1700"]
[BlackElo "1590"]
[EventDate "2003.??.??"]
[PlyCount "77"]

1.c4 Nf6 2.Nc3 g6 3.Nf3 Bg7 4.d4 O-O 5.e4 d6 6.Be2 Nbd7 7.Bg5 e5 8.d5 h6 
9.Be3 Ne8 10.Qd2 Kh7 11.g4 Ndf6 12.g5 Ng8 13.gxh6 Bxh6 14.Ng5+ Kg7 15.Rg1 
Nef6 16.h4 Ne7 17.Ne6+ fxe6 18.Bxh6+ Kf7 19.Bxf8 Qxf8 20.O-O-O exd5 21.
cxd5 a6 22.f4 Qh8 23.fxe5 dxe5 24.Qg5 Bd7 25.Rdf1 Rf8 26.Rxf6+ Qxf6 27.Rf1
Kg7 28.Rxf6 Rxf6 29.Qxe5 Kf7 30.Bc4 b5 31.d6+ Be6 32.Bxe6+ Rxe6 33.Qf4+ 
Rf6 34.Qxf6+ Kxf6 35.dxe7 Kxe7 36.Kd2 Ke6 37.Ke3 Ke5 38.Nd5 c6 39.Ne7 1-0

[Event "Regionale 1"]
[Site "?"]
[Date "2003.10.12"]
[Round "1"]
[White "Jean-Yves Bouet"]
[Black "Christian Vanden-Breeden"]
[Result "0-1"]
[WhiteElo "1499"]
[BlackElo "1499"]
[EventDate "2003.??.??"]
[PlyCount "74"]

1.e4 e6 2.d4 d5 3.Nd2 Nf6 4.e5 Nfd7 5.Bd3 c5 6.c3 cxd4 7.cxd4 Nc6 8.Ne2 a6
9.O-O Be7 10.Nf3 Nb4 11.Bb1 h6 12.a3 Nc6 13.Ne1 b5 14.b4 a5 15.Bd3 axb4 
16.Bxb5 Qb6 17.Bxc6 Qxc6 18.Nc2 bxa3 19.Bxa3 Bxa3 20.Nxa3 Nb6 21.Qb3 Nc4 
22.Rac1 O-O 23.h3 Ba6 24.Rc3 Rab8 25.Qc2 Qb6 26.Rb1 Qa7 27.Rbb3 Rxb3 28.
Rxb3 Rc8 29.Nb5 Bxb5 30.Rxb5 Qa6 31.Rb4 Ne3 32.Qb2 Nc4 33.Qb3 Nd2 34.Qd1 
Qd3 35.Rb2 Nf3+ 36.gxf3 Qxd1+ 37.Kh2 Rc2 0-1

[Event "Regionale 1"]
[Site "?"]
[Date "2003.10.12"]
[Round "1"]
[White "Jean-Pierre Olle"]
[Black "Andre Chorazy"]
[Result "1/2-1/2"]
[WhiteElo "1820"]
[BlackElo "1730"]
[EventDate "2003.??.??"]
[PlyCount "110"]

1.e4 d5 2.exd5 Nf6 3.d4 Nxd5 4.c4 Nf6 5.Nc3 e6 6.Nf3 Be7 7.Be2 b6 8.Qa4+ 
c6 9.Bf4 O-O 10.Bxb8 Rxb8 11.Rd1 Qc7 12.O-O a6 13.Qc2 Bb7 14.Ne4 Nxe4 15.
Qxe4 c5 16.Qe3 cxd4 17.Qxd4 Rbd8 18.Qc3 Bd6 19.h3 e5 20.Qe3 f6 21.Bd3 Bc5 
22.Qe2 Bd4 23.Nxd4 Rxd4 24.f3 Qc5 25.Kh1 f5 26.b4 Qd6 27.Bc2 Qxb4 28.Qxe5 
Rxd1 29.Rxd1 Qc5 30.Qxc5 bxc5 31.Rd7 Bc6 32.Rc7 Rf6 33.Kg1 g6 34.Kf2 f4 
35.Be4 Bxe4 36.fxe4 Rd6 37.Kf3 g5 38.Rxc5 h6 39.Rd5 Rb6 40.Ke2 Kf7 41.c5 
Rb2+ 42.Rd2 Rb4 43.Kd3 Ke6 44.Rc2 Kd7 45.c6+ Kc7 46.e5 Rb8 47.Ke4 Rf8 48.
Kd5 f3 49.gxf3 Rxf3 50.Re2 Rd3+ 51.Kc5 Rc3+ 52.Kd5 Rxc6 53.e6 Rd6+ 54.Ke5 
Rd3 55.Kf6 Kd8 1/2-1/2

[Event "Regionale 1"]
[Site "?"]
[Date "2003.10.12"]
[Round "1"]
[White "Valat, Jean-Marie"]
[Black "Philippe Balard"]
[Result "1-0"]
[WhiteElo "1560"]
[BlackElo "1499"]
[EventDate "2003.??.??"]
[PlyCount "93"]

1.d4 d5 2.c4 dxc4 3.Qa4+ Nc6 4.Nf3 Be6 5.e3 Bd7 6.Qxc4 e6 7.a3 Nf6 8.Bd3 
Bd6 9.e4 Be7 10.Qc2 g6 11.O-O O-O 12.e5 Nh5 13.Qd2 Bc8 14.Be2 f6 15.Qh6 
fxe5 16.dxe5 Rf5 17.Rd1 Qf8 18.Qe3 b6 19.g4 Rf7 20.gxh5 gxh5 21.b4 Bb7 22.
Nbd2 Rd8 23.Bb2 h4 24.Kh1 h3 25.Rg1+ Kh8 26.Rg3 Rg7 27.Rxg7 Qxg7 28.Rg1 
Qf7 29.Rg3 Rg8 30.Rxh3 Qg6 31.Rg3 Qf7 32.Ne4 Rxg3 33.hxg3 Qh5+ 34.Kg2 Qg6 
35.Bd3 Nd8 36.Kf1 Nf7 37.Nf6 Qh6 38.Qxh6 Nxh6 39.Ng5 Bc8 40.Ngxh7 c6 41.
Ng5 Kg7 42.Nge4 Ng8 43.Nxg8 Kxg8 44.f4 Kg7 45.Nd6 Bd7 46.f5 exf5 47.e6+ 
1-0

[Event "Regionale 1"]
[Site "?"]
[Date "2003.10.12"]
[Round "1"]
[White "Sangoi, Jean-Jacques"]
[Black "Antoine Waacker"]
[Result "1-0"]
[WhiteElo "1750"]
[BlackElo "1499"]
[EventDate "2003.??.??"]
[PlyCount "96"]

1.d4 d5 2.c4 dxc4 3.Nc3 Nd7 4.e4 Nb6 5.f4 e6 6.Nf3 Bb4 7.Bd2 a5 8.a3 Bxc3 
9.Bxc3 Bd7 10.Ne5 Ba4 11.Qh5 g6 12.Qf3 Bb3 13.Be2 f6 14.Ng4 Na4 15.O-O h5 
16.Qh3 Qd6 17.e5 Qe7 18.Ne3 Nb6 19.Qg3 Rh6 20.Rae1 f5 21.h4 O-O-O 22.Bd1 
a4 23.Bxb3 axb3 24.Rd1 Nd5 25.Nxd5 Rxd5 26.Rc1 Qd7 27.Rcd1 Ne7 28.Rd2 Nc6 
29.Rfd1 Qf7 30.Qf2 Rh8 31.Qe2 b5 32.g3 Kd7 33.Kf2 Rb8 34.Ra1 Qe7 35.Rad1 
Qd8 36.Ke3 Rb7 37.Qe1 Qb8 38.Bb4 Ra7 39.Bc5 Ra4 40.Qe2 Ke8 41.Rg1 Qd8 42.
Rgd1 Ne7 43.Qf3 Ng8 44.Ke2 Nh6 45.Qc3 c6 46.Rg1 Ng4 47.Ra1 Qb8 48.Rad1 Rd7
1-0

[Event "Regionale 1"]
[Site "?"]
[Date "2003.10.12"]
[Round "1"]
[White "Jean-Francois Mary"]
[Black "Roman Pinault"]
[Result "0-1"]
[WhiteElo "1520"]
[BlackElo "1600"]
[EventDate "2003.??.??"]
[PlyCount "46"]

1.d4 d5 2.c4 e6 3.Nc3 Bb4 4.Nf3 c6 5.e3 Nf6 6.Bd3 O-O 7.O-O Nbd7 8.a3 Bd6 
9.e4 dxe4 10.Nxe4 Nxe4 11.Bxe4 Nf6 12.Bc2 h6 13.Re1 b6 14.b4 a5 15.Ne5 Bb7
16.bxa5 Rxa5 17.Ng4 Nxg4 18.Qxg4 Qf6 19.Qe4 Qf5 20.Qe2 Qh5 21.Qd3 Qxh2+ 
22.Kf1 Rf5 23.g4 Qxf2# 0-1

[Event "Regionale 1"]
[Site "?"]
[Date "2003.10.12"]
[Round "1"]
[White "Auge, Jean"]
[Black "Lacroix, Romain"]
[Result "1-0"]
[WhiteElo "1930"]
[BlackElo "2030"]
[EventDate "2003.??.??"]
[PlyCount "103"]

1.f4 d5 2.Nf3 Nf6 3.d4 g6 4.e3 Bg7 5.Be2 O-O 6.Nbd2 c5 7.dxc5 Nc6 8.c3 a5 
9.a4 Bf5 10.Nd4 Be4 11.Nxc6 bxc6 12.Nxe4 Nxe4 13.h4 e5 14.Bf3 Nxc5 15.h5 
exf4 16.hxg6 fxg6 17.exf4 Re8+ 18.Kf1 Ne4 19.Rh3 Qb6 20.Qc2 Qc5 21.Bxe4 
Rxe4 22.Qd3 Rae8 23.Bd2 d4 24.c4 Qb6 25.b3 c5 26.Re1 Rxe1+ 27.Bxe1 Qf6 28.
Bd2 Bf8 29.g4 Qc6 30.f5 Qe4 31.fxg6 hxg6 32.Qxe4 Rxe4 33.Bxa5 Rxg4 34.Bb6 
Re4 35.a5 Re8 36.Rg3 Kg7 37.a6 Ra8 38.a7 Be7 39.Ke2 g5 40.Bxc5 Bxc5 41.
Rxg5+ Kf6 42.Rxc5 Rxa7 43.Kd3 Rb7 44.Rd5 Rxb3+ 45.Kxd4 Ke6 46.Kc5 Rb1 47.
Kc6 Rh1 48.c5 Rh7 49.Rd6+ Ke5 50.Rd7 Rh8 51.Kc7 Ke6 52.c6 1-0

[Event "Regionale 1"]
[Site "?"]
[Date "2003.10.12"]
[Round "1"]
[White "Jacques Simonet"]
[Black "Olivier Serres"]
[Result "0-1"]
[WhiteElo "1310"]
[BlackElo "1630"]
[EventDate "2003.??.??"]
[Annotator "Montauban - Albi 1"]
[PlyCount "72"]

1.d4 d5 2.e3 Bf5 3.c4 c6 4.Nc3 e6 5.Nge2 Nf6 6.Ng3 Bg6 7.c5 Nbd7 8.Bd3 
Bxd3 9.Qxd3 Be7 10.O-O h5 11.h4 Ng4 12.e4 Bxh4 13.e5 Qe7 14.Nce2 O-O-O 15.
Bd2 f5 16.Nf4 Qf7 17.b4 g5 18.Nh3 Qg7 19.f4 Bxg3 20.Qxg3 gxf4 21.Bxf4 h4 
22.Qa3 a6 23.Rf3 Rdg8 24.Ng5 Nh6 25.Rh3 Nf7 26.Qb2 Nxg5 27.Bxg5 Qxg5 28.
Rf1 Qg4 29.Rff3 Nf8 30.Qf2 Rh5 31.Kh2 Nh7 32.Rf4 Qg3+ 33.Kh1 Qxf2 34.Rxf2 
Ng5 35.Rd3 Ne4 36.Rff3 Rhg5 0-1

[Event "Regionale 1"]
[Site "?"]
[Date "2003.10.12"]
[Round "1"]
[White "Herve Damiano"]
[Black "Patrick Marni-Sandid Patrick"]
[Result "1-0"]
[WhiteElo "1640"]
[BlackElo "1610"]
[EventDate "2003.??.??"]
[PlyCount "127"]

1.d4 Nf6 2.c4 e5 3.dxe5 Ng4 4.Nf3 Nc6 5.e3 Bb4+ 6.Nbd2 Qe7 7.a3 Bxd2+ 8.
Bxd2 b6 9.Be2 Bb7 10.b4 O-O 11.O-O Ngxe5 12.Nxe5 Nxe5 13.f4 Ng6 14.Bf3 
Bxf3 15.Rxf3 Rad8 16.Qc2 Rfe8 17.f5 Ne5 18.Rg3 Qh4 19.Rc1 d6 20.Bc3 g6 21.
Qe2 Qxc4 22.Qxc4 Nxc4 23.Bf6 b5 24.Bxd8 Rxd8 25.fxg6 hxg6 26.Kf2 Re8 27.h4
Re4 28.h5 Kg7 29.hxg6 fxg6 30.Ke2 Re7 31.a4 a6 32.axb5 axb5 33.Rc3 Nb6 34.
Rg5 Kh6 35.Rxb5 Na4 36.Rc6 Nb6 37.Ra5 g5 38.g3 Kh5 39.Rc3 Kg4 40.Kf2 d5 
41.Rd3 Kh5 42.Rc5 Kg6 43.Rc6+ Kf5 44.Rd4 g4 45.Rf4+ Kg5 46.Rcf6 Re5 47.Rf7
Nc4 48.Rg7+ Kh6 49.Rfxg4 Nxe3 50.R4g6+ Kh5 51.g4+ Nxg4+ 52.Rxg4 c6 53.Kf3 
Rf5+ 54.Kg3 Kh6 55.Rg8 Kh7 56.Ra8 Rf1 57.Ra2 Rg1+ 58.Rg2 Rh1 59.Rh2+ Rxh2 
60.Kxh2 Kh6 61.Kg3 Kh5 62.Rg8 Kh6 63.Kf4 Kh7 64.Rg1 1-0

[Event "Regionale 1"]
[Site "?"]
[Date "2003.10.12"]
[Round "1"]
[White "Franck Reignier"]
[Black "Patrick le Digabel"]
[Result "0-1"]
[WhiteElo "1100"]
[BlackElo "1490"]
[EventDate "2003.??.??"]
[PlyCount "32"]

1.d4 d5 2.c4 e6 3.Nf3 Nf6 4.g3 c5 5.Bg2 Bd7 6.O-O Be7 7.Ne5 Bc6 8.Nc3 O-O 
9.Be3 b6 10.a3 Qc7 11.Qc2 dxc4 12.Rfd1 Bxg2 13.Kxg2 Bd6 14.Bf4 cxd4 15.Nb5
Qb7+ 16.Kf1 Qh1# 0-1

[Event "Regionale 1"]
[Site "?"]
[Date "2003.10.12"]
[Round "1"]
[White "Francis Sauty"]
[Black "Daniel Cebollero"]
[Result "0-1"]
[WhiteElo "1290"]
[BlackElo "1650"]
[EventDate "2003.??.??"]
[PlyCount "50"]

1.d4 d5 2.e3 c6 3.c4 Nf6 4.Nc3 Bf5 5.Nf3 Nbd7 6.Bd3 Be4 7.Bxe4 Nxe4 8.Nxe4
dxe4 9.Ng5 Qa5+ 10.Bd2 Qxg5 11.O-O e6 12.Qb3 Rb8 13.Rfd1 Bd6 14.c5 Bc7 15.
Qc2 Nf6 16.h3 O-O 17.Be1 Rfd8 18.Qe2 Rd5 19.f3 Rbd8 20.f4 Qg6 21.Bh4 R8d7 
22.Bxf6 Qxf6 23.Rac1 Qg6 24.Qg4 Qxg4 25.hxg4 Ba5 0-1

[Event "Regionale 1"]
[Site "?"]
[Date "2003.10.12"]
[Round "1"]
[White "Christophe Sylvain"]
[Black "Victor Thimonier"]
[Result "1-0"]
[WhiteElo "1520"]
[BlackElo "1400"]
[EventDate "2003.??.??"]
[PlyCount "23"]

1.c4 e5 2.g3 Nf6 3.Bg2 c6 4.d4 exd4 5.Qxd4 d5 6.cxd5 cxd5 7.Nc3 Nc6 8.Qa4 
d4 9.Nb5 a6 10.Nxd4 Qxd4 11.Bxc6+ bxc6 12.Qxd4 1-0

[Event "Regionale 1"]
[Site "?"]
[Date "2003.10.12"]
[Round "1"]
[White "Gayraud, Christian"]
[Black "Maurice Calvignac"]
[Result "1/2-1/2"]
[WhiteElo "1580"]
[BlackElo "1630"]
[EventDate "2003.??.??"]
[PlyCount "90"]

1.e4 e5 2.Nf3 d6 3.Bc4 h6 4.d4 exd4 5.Nxd4 Nf6 6.Nc3 Be7 7.O-O O-O 8.Re1 
Nbd7 9.Nf5 Ne5 10.Nxe7+ Qxe7 11.Be2 c6 12.h3 Be6 13.f4 Bc4 14.fxe5 Bxe2 
15.Qxe2 Qxe5 16.Rf1 Kh7 17.Bf4 Qe6 18.Qd3 g6 19.Rae1 Ne8 20.Qe3 h5 21.Qg3 
Qf6 22.e5 dxe5 23.Bxe5 Qd8 24.Rf3 Qb6+ 25.Kh1 Qxb2 26.Qf2 f6 27.Ne4 Qxe5 
28.Nc5 Qd5 29.Rd3 Qg8 30.Re7+ Ng7 31.Rdd7 Rfe8 32.Rxg7+ Qxg7 33.Rxg7+ Kxg7
34.Qd4 Re7 35.Qd6 Rf7 36.Ne6+ Kh7 37.Nf4 Rg8 38.Qd3 Kh6 39.Qe2 a6 40.Qe3 
Kh7 41.g4 h4 42.Qf2 g5 43.Ne6 Kh6 44.Qd4 Re8 45.Nc5 Kg7 1/2-1/2

[Event "Regionale 1"]
[Site "?"]
[Date "2003.10.12"]
[Round "1"]
[White "Bernard Calleson"]
[Black "Lavoie, Olivier"]
[Result "1/2-1/2"]
[WhiteElo "1520"]
[BlackElo "1600"]
[EventDate "2003.??.??"]
[PlyCount "108"]

1.d4 Nf6 2.c4 e5 3.dxe5 Ng4 4.Nf3 Nc6 5.Bf4 Bc5 6.e3 Bb4+ 7.Nc3 d6 8.exd6 
cxd6 9.Qc2 O-O 10.Bd3 h6 11.O-O g5 12.Bg3 Qe7 13.Rad1 Bxc3 14.Qxc3 Rd8 15.
Rfe1 Be6 16.h3 Nf6 17.e4 Nh5 18.Bh2 Nf4 19.Bxf4 gxf4 20.e5 d5 21.cxd5 Bxd5
22.Bb1 Bxf3 23.Qxf3 Rxd1 24.Qxd1 Nxe5 25.Kf1 Rd8 26.Qa4 Qe6 27.Qxf4 Qc4+ 
28.Qxc4 Nxc4 29.Bf5 Nxb2 30.g4 Rd1 31.Rxd1 Nxd1 32.a4 Nc3 33.a5 Kf8 34.f4 
Ke7 35.Kf2 Kd6 36.Ke3 Nd5+ 37.Kf3 Ne7 38.Bb1 Nc6 39.h4 Nxa5 40.g5 hxg5 41.
hxg5 Nc6 42.Kg4 a5 43.Kh5 b5 44.Kh6 Ke7 45.Kg7 Nd4 46.f5 a4 47.f6+ Ke8 48.
g6 Ne6+ 49.Kg8 fxg6 50.Bxg6+ Kd7 51.Bf5 a3 52.Bxe6+ Kxe6 53.f7 a2 54.f8=Q 
a1=Q 1/2-1/2

[Event "Regionale 1"]
[Site "?"]
[Date "2003.10.12"]
[Round "1"]
[White "Prieur, Axel"]
[Black "Jean-Paul Flourac"]
[Result "0-1"]
[WhiteElo "1550"]
[BlackElo "1680"]
[EventDate "2003.??.??"]
[PlyCount "102"]

1.e4 e5 2.Nf3 d6 3.Bc4 Nd7 4.d3 h6 5.c3 c6 6.Be3 b5 7.Bb3 a5 8.a4 Ba6 9.d4
Rb8 10.axb5 Rxb5 11.Qc2 Qb8 12.Nfd2 Ngf6 13.Na3 Rb7 14.Rb1 Ng4 15.Bc4 Nxe3
16.fxe3 Bxc4 17.Naxc4 Rb5 18.Ra1 d5 19.Nxa5 Rxb2 20.Qd3 Qb6 21.exd5 cxd5 
22.O-O e4 23.Nxe4 Qg6 24.Nf2 Rxf2 25.Qxg6 Rxf1+ 26.Rxf1 fxg6 27.Rb1 Bd6 
28.Nb7 Ke7 29.Na5 Rc8 30.Rc1 Nf6 31.c4 dxc4 32.Nxc4 Ne4 33.Rc2 Ra8 34.g3 
Rc8 35.Na3 Rxc2 36.Nxc2 Bc7 37.Kg2 Ba5 38.Kf3 Nd2+ 39.Ke2 Ne4 40.Na3 Nd2 
41.Nb5 Ke6 42.Nc7+ Kd7 43.Nd5 g5 44.Kd3 Nf1 45.h3 Nxg3 46.e4 Nh5 47.Ke3 
Nf6 48.Nxf6+ gxf6 49.Kf3 h5 50.e5 fxe5 51.dxe5 Ke6 0-1